000 00820nam a22002777a 4500
001 8071
003 FISKH
005 20250820144036.0
008 250820b cb ||||| |||| 00| 0 eng d
020 _a087577005157
040 _aFISKH
_beng
_cFISKH
_dFISKH
050 _aBS580.M6 G754
082 _a221.95
100 _aGriffin, Sunny
245 _aMoses and the very special basket /
_cby Sunny Griffin : Illustrated by Linda Welty
260 _a Ashland, Ohio :
_bLandoll ,
_c1993.
300 _a28 unnumbered pages :
_bcolor illustrations ;
_c16 cm .
490 _aLittle Landoll Books
505 _aJ
521 8 _a500
_bLexile estimate
521 8 _aJ
_bRaz-Plus
650 _aBible Stories
_vNon-fiction
700 _aWelty, Linda
_eIllustrator
942 _2ddc
_cBK
_n0
999 _c8071
_d8071